A. WESLEY POWELL LEARNING RESOURCE CENTRE (WPLRC)

Wonderful Place to Learn, Research & Collaborate

Sustaining the earth : (Record no. 9031)

MARC details
000 -LEADER
fixed length control field nam a22 4500
003 - CONTROL NUMBER IDENTIFIER
control field
005 - DATE AND TIME OF LATEST TRANSACTION
control field 20180705104421.0
008 - FIXED-LENGTH DATA ELEMENTS--GENERAL INFORMATION
fixed length control field 990211s2000 caua b 001 0 eng
020 ## - INTERNATIONAL STANDARD BOOK NUMBER
International Standard Book Number 0-534-38535-4
040 ## - CATALOGING SOURCE
Original cataloging agency DDC
Transcribing agency
042 ## - AUTHENTICATION CODE
Authentication code pcc
050 00 - LIBRARY OF CONGRESS CALL NUMBER
Classification number GE105
Item number .M55 2000
082 00 - DEWEY DECIMAL CLASSIFICATION NUMBER
Edition number R/363.7MIC
100 1# - MAIN ENTRY--PERSONAL NAME
Personal name Miller, G. Tyler
Fuller form of name (George Tyler),
Dates associated with a name 1931-
245 10 - TITLE STATEMENT
Title Sustaining the earth :
Remainder of title an integrated approach /
Statement of responsibility, etc. G. Tyler Miller, Jr.
250 ## - EDITION STATEMENT
Edition statement 4th ed.
260 ## - PUBLICATION, DISTRIBUTION, ETC. (IMPRINT)
Place of publication, distribution, etc. Pacific Grove, Calif. :
Name of publisher, distributor, etc. Brooks/Cole Pub. Co.,
Date of publication, distribution, etc. c2000.
300 ## - PHYSICAL DESCRIPTION
Extent ix, 356, 16, 11,14 p. :
Other physical details ill. ;
Dimensions 28 cm.
504 ## - BIBLIOGRAPHY, ETC. NOTE
Bibliography, etc Includes bibliographical references and index.
650 #0 - SUBJECT ADDED ENTRY--TOPICAL TERM
Topical term or geographic name as entry element Environmental sciences.
650 #0 - SUBJECT ADDED ENTRY--TOPICAL TERM
Topical term or geographic name as entry element Environmental protection.
906 ## - LOCAL DATA ELEMENT F, LDF (RLIN)
a 7
b cbc
c orignew
d 1
e ocip
f 19
g y-gencatlg
942 ## - ADDED ENTRY ELEMENTS (KOHA)
Source of classification or shelving scheme Dewey Decimal Classification
Koha item type Books
Holdings
Withdrawn status Lost status Source of classification or shelving scheme Damaged status Not for loan Collection code Home library Current library Shelving location Date acquired Total Checkouts Full call number Barcode Date last seen Price effective from Koha item type
    Dewey Decimal Classification   Not For Loan Reference Wesley Powell Learning Resource Centre Wesley Powell Learning Resource Centre Reference 07/05/2018   R/363.7MIC (34767) 34767 07/05/2018 07/05/2018 Books